Statystyki dla Książki z imieniem w tytule:

Kliknij tutaj aby rozwiązać quiz!

Ogólne statystyki

  • Ten quiz został rozwiązany 174 razy
  • Średni wynik to 2 z 6

Statystyki odpowiedzi

Odpowiedź% Poprawnych
Harry Potter
66%
Ania z Zielonego Wzgórza
47%
Pan Tadeusz
45%
Alicja w Krainie Czarów
14%
Romeo i Julia
14%
Piotruś Pan
5%

Rozkład punktacji

Percentyl według liczby udzielonych odpowiedzi

Procent ludzi z każdym wynikiem

Twoja historia wyników

Nie rozwiązałeś tego quizu